Les couvertures en tuiles (notice n° 1554675)

détails MARC
000 -LEADER
fixed length control field 02171cam a2200277zu 4500
003 - CONTROL NUMBER IDENTIFIER
control field FRCYB88815048
005 - DATE AND TIME OF LATEST TRANSACTION
control field 20251020123559.0
008 - FIXED-LENGTH DATA ELEMENTS--GENERAL INFORMATION
fixed length control field 251020s2005 fr | o|||||0|0|||fre d
020 ## - INTERNATIONAL STANDARD BOOK NUMBER
International Standard Book Number 9782868913234
035 ## - SYSTEM CONTROL NUMBER
System control number FRCYB88815048
040 ## - CATALOGING SOURCE
Original cataloging agency FR-PaCSA
Language of cataloging fr
Transcribing agency
Description conventions rda
100 1# - MAIN ENTRY--PERSONAL NAME
Personal name Lyonnet, Christian
245 01 - TITLE STATEMENT
Title Les couvertures en tuiles
Remainder of title Tuiles de terre cuite Tuiles en béton - En application des DTU 40.21 - 40.211 - 40.22 - 40.23 - 40.24 - 40.241 et 40.25
Statement of responsibility, etc. ['Lyonnet, Christian']
264 #1 - PRODUCTION, PUBLICATION, DISTRIBUTION, MANUFACTURE, AND COPYRIGHT NOTICE
Name of producer, publisher, distributor, manufacturer CSTB
Date of production, publication, distribution, manufacture, or copyright notice 2005
300 ## - PHYSICAL DESCRIPTION
Extent p.
336 ## - CONTENT TYPE
Content type code txt
Source rdacontent
337 ## - MEDIA TYPE
Media type code c
Source rdamdedia
338 ## - CARRIER TYPE
Carrier type code c
Source rdacarrier
520 ## - SUMMARY, ETC.
Summary, etc. L'outil indispensable des professionnels de la couverture : en un seul guide, la synthèse de 7 DTU et des CPT ! Complément naturel des textes de références ce guide, comme tous les autres guides de la collection, commente et explique les règles de construction et de mise en oeuvre tout en proposant un large éventail de situations d'application et d'exécution en mettant en lumière les points singuliers. Pour vous, professionnels : charpentiers, couvreurs, maçons, architectes, bureaux d'études,... le CSTB à créé le guide Couvertures en tuiles. Grâce à de nombreux schémas et tableaux de synthèse ce guide pratique répond à toutes vos questions : Quel type de tuiles choisir en fonction de la zone géographique ou de la pente ? Comment les poser et les fixer ? Comment traiter les points singuliers (égouts, faîtage, arêtiers, noues, etc.) ? Dans quel cas et comment installer un écran de sous-toiture ?... Il traite également de l'isolation, de la ventilation ainsi que de la climatologie (vent, pluie neige) Le guide Couvertures en tuiles met à votre disposition une synthèse claire et accessible sur les conditions de mise en oeuvre des différents types de tuiles en application aux DTU, 40.21 - 40.211 - 40.22 - 40.23 - 40.24 - 40.241 - 40.25.
650 #0 - SUBJECT ADDED ENTRY--TOPICAL TERM
Topical term or geographic name entry element
700 0# - ADDED ENTRY--PERSONAL NAME
Personal name Lyonnet, Christian
856 40 - ELECTRONIC LOCATION AND ACCESS
Access method Cyberlibris
Uniform Resource Identifier <a href="https://international.scholarvox.com/netsen/book/88815048">https://international.scholarvox.com/netsen/book/88815048</a>
Electronic format type text/html
Host name

Pas d'exemplaire disponible.

PLUDOC

PLUDOC est la plateforme unique et centralisée de gestion des bibliothèques physiques et numériques de Guinée administré par le CEDUST. Elle est la plus grande base de données de ressources documentaires pour les Étudiants, Enseignants chercheurs et Chercheurs de Guinée.

Adresse

627 919 101/664 919 101

25 boulevard du commerce
Kaloum, Conakry, Guinée

Réseaux sociaux

Powered by Netsen Group @ 2025